Dermatología : (Registro nro. 30145)
[ vista simple ]
| 000 -LEADER | |
|---|---|
| fixed length control field | 03656nam a2200349Ia 4500 |
| 003 - CONTROL NUMBER IDENTIFIER | |
| control field | CO-CtgCURN |
| 005 - DATE AND TIME OF LATEST TRANSACTION | |
| control field | 20251125233952.0 |
| 008 - FIXED-LENGTH DATA ELEMENTS--GENERAL INFORMATION | |
| fixed length control field | 190725s2013 xx 000 0 und d |
| 020 ## - INTERNATIONAL STANDARD BOOK NUMBER | |
| International Standard Book Number | 9788498353075 |
| 040 ## - CATALOGING SOURCE | |
| Original cataloging agency | CO-CtgCURN |
| Language of cataloging | spa |
| Transcribing agency | coctgcurn |
| 082 ## - DEWEY DECIMAL CLASSIFICATION NUMBER | |
| Classification number | 616.5 |
| Item number | R682 |
| 245 #0 - TITLE STATEMENT | |
| Title | Dermatología : |
| Remainder of title | texto y atlas : fundamentos, diagnóstico y aspectos clínicos / |
| Statement of responsibility, etc. | Martin Rochen; Martin Schaller; Elke Sattler; Walter Burgdorf; traducción., Liliana Anzaudo, Mónica Koch; Ariana Raina |
| 260 ## - PUBLICATION, DISTRIBUTION, ETC. | |
| Place of publication, distribution, etc. | España : |
| Name of publisher, distributor, etc. | Médica Panamericana, |
| Date of publication, distribution, etc. | 2013 |
| 300 ## - PHYSICAL DESCRIPTION | |
| Extent | 406 páginas : |
| Other physical details | imagenes, ilustraciones ; |
| Dimensions | 19 centímetros |
| 500 ## - GENERAL NOTE | |
| General note | Título original: Taschenatlas dermatology |
| 500 ## - GENERAL NOTE | |
| General note | Incluye introducción, prefacio e índice |
| 505 ## - FORMATTED CONTENTS NOTE | |
| Formatted contents note | I. Fundamentos -- 1. Introducción -- 2. Embriologia y anatomia -- 3. Bioquímica -- 4. Fisiologia -- 5. Inmunología -- 6. Genética -- II. Diagnostico de enfermedades dermatológicas -- 7. Laboratorio -- 8. Diagnóstico alergológico in vivo -- 9. Diagnóstico por la imagen -- III. Tratamiento de enfermedades dermatológicas -- 10. Farmacoterapia -- 11. Fisioterapia -- 12. Cirugía -- IV. Cuadros clínicos dermatológicos -- 13. Examen dermatológico -- 14. Trastornos inflamatorios de la epidermis -- 15. Trastornos inflamatorios de la unión dermoepidérmica -- 16. Enfermedades genéticas de las zonas de unión -- 17. Enfermedades inflamatorias de la dermis -- 18. Enfermedades inflamatorias del tejido conjuntivo -- 19. Enfermedades genéticas del tejido conjuntivo -- 20. Enfermedades genéticas de la epidermis -- 21. Tumores de la epidermis -- 22. Tumores de la dermis -- 23. Tumores hematopoyéticos -- 24. Tumores y trastornos de los sistemas formadores de pigmentos -- 25. Enfermedades del sistema vascular -- 26. Enfermedades de los anexos -- 27. Enfermedades sistémicas -- 28. Enfermedades de la piel en las distintas etapas de la vida -- 29. Efectos secundarios de los medicamentos -- 30. Enfermedades genéticas -- 31. LA psiquis y la piel -- 32. Virosis -- 33. Enfermedades bacterianas -- 34. Enfermedades producidas por hongos -- 35. Parásitos -- 36. Enfermedades de transmisión sexual -- V. Apéndice. |
| 520 ## - SUMMARY, ETC. | |
| Summary, etc. | Durante los últimos veinte años la dermatología ha sido objeto de múltiples avances sobre el estudio, el diagnóstico y la terapéutica de las lesiones de la piel, enfermedades que, dada su alta prevalencia, tienen un impacto cada vez mayor en los sistemas de salud. A partir de esta premisa. dermatología. Texto y atlas refleja el estado actual de la especialidad y, mediante una combinación única de texto y figuras, proporciona una descripción clara y concisa de las unicca de las enfermedades de la piel. Por sus singulares rasgos, esta obra se convierte en un manual de referencia imprescindible para los dermatólogos, medico clínicos generalistas y de familia, pediatras, y profesionales de otras especialidades, quienes encontraran en sus paginas una puesta al dia de la materi y la información necesaria para alcanzar el diagnostico y el tratamiento correctos de las afecciones cutáneas. |
| 521 ## - TARGET AUDIENCE NOTE | |
| Target audience note | AREA PROFESIONAL |
| 546 ## - LANGUAGE NOTE | |
| Language note | Traducido del Alemán |
| 590 ## - LOCAL NOTE (RLIN) | |
| Local note | Programa de Enfermería_27 |
| 650 ## - SUBJECT ADDED ENTRY--TOPICAL TERM | |
| Topical term or geographic name entry element | Dermatología |
| 700 ## - ADDED ENTRY--PERSONAL NAME | |
| Personal name | Rochen, Martin |
| Relator term | autor |
| 700 ## - ADDED ENTRY--PERSONAL NAME | |
| Personal name | Schaller, Martin |
| Relator term | autor |
| 700 ## - ADDED ENTRY--PERSONAL NAME | |
| Personal name | Sattler, Elke |
| Relator term | autor |
| 700 ## - ADDED ENTRY--PERSONAL NAME | |
| Personal name | Burgdorf, Walter |
| Relator term | autor |
| 700 ## - ADDED ENTRY--PERSONAL NAME | |
| Personal name | Anzaudo, Liliana |
| Relator term | traducción |
| 700 ## - ADDED ENTRY--PERSONAL NAME | |
| Personal name | Koch, Mónica |
| Relator term | traducción |
| 700 ## - ADDED ENTRY--PERSONAL NAME | |
| Personal name | Raina, Ariana |
| Relator term | traducción |
| 942 ## - ADDED ENTRY ELEMENTS (KOHA) | |
| Koha item type | Libros |
| Classification part | 616.5 |
| Item part | R682 |
| Source of classification or shelving scheme | Dewey Decimal Classification |
| Withdrawn status | Lost status | Damaged status | Not for loan | Collection | Home library | Current library | Shelving location | Date acquired | Inventory number | Total checkouts | Full call number | Barcode | Date last seen | Copy number | Price effective from | Koha item type |
|---|---|---|---|---|---|---|---|---|---|---|---|---|---|---|---|---|
| Miguel Henríquez Castañeda Barranquilla | Miguel Henríquez Castañeda Barranquilla | General | 05/23/2018 | 03941 | 616.5 R682 | 03941 | 07/25/2019 | ej.1 | 07/25/2019 | Libros |